000 02340cam a22002054a 4500
005 20250605163956.0
008 250528s ||||||||||||||||||||||||d
035 _a15485
020 _a814453058
040 _aGR-AtMCL
_bgre
_dGR-AtMCL
_eAACR2
245 1 _aThe Failure of Success
260 _bAddison-Wesley Publishing Company,
_c1972
300 _a346
505 0 _aFor the Puzzled Executive, Organizations and the Quality of Life, A Few Words in Advance, The Failure of Success, Imaginative New Ways to Create Satisfying Jobs, Organizational Stress and Individual Strain, Problems that Worry Executives, Harnessing the Skills of Behavioral Science, How it Works, The Effect of Participation on Performance, Managing Major Change, Releasing Human Potential, The Right Man in the Right Job, How a Scientific Assessment Center Works, Studying Careers and Assessing Ability, New Strategies for Motivating Employees, Feedback that Spurs Performance, Motivating the Factory Worker, Two Basic Techniques, Management by Objectives, How Sensitivity Training Works, Organization Development, Building an Organization for the Future, Humanistic Management in a Fast-Growing Company, Strengthening the Links in a Hotel Chain, Fueling Organizational Change at Jersey Standard, Selected Bibliography, Index.
520 _aFor the Puzzled Executive, Organizations and the Quality of Life, A Few Words in Advance, The Failure of Success, Imaginative New Ways to Create Satisfying Jobs, Organizational Stress and Individual Strain, Problems that Worry Executives, Harnessing the Skills of Behavioral Science, How it Works, The Effect of Participation on Performance, Managing Major Change, Releasing Human Potential, The Right Man in the Right Job, How a Scientific Assessment Center Works, Studying Careers and Assessing Ability, New Strategies for Motivating Employees, Feedback that Spurs Performance, Motivating the Factory Worker, Two Basic Techniques, Management by Objectives, How Sensitivity Training Works, Organization Development, Building an Organization for the Future, Humanistic Management in a Fast-Growing Company, Strengthening the Links in a Hotel Chain, Fueling Organizational Change at Jersey Standard, Selected Bibliography, Index.
700 1 _aMarrow J. Alfred
_91418
942 _cBK
999 _c1064
_d1064